|
|
|
|
| LEADER |
00000nam a2200000 4500 |
| 001 |
vtls012077706 |
| 003 |
SK-MaSNL |
| 005 |
20260302062510.0 |
| 008 |
211116s2021 xo a a 000 u slo |
| 015 |
|
|
|a SNBA2021/11
|
| 020 |
|
|
|a 9788055648200
|q (viazané)
|
| 040 |
|
|
|a SNK
|b slo
|c SNK
|e rda
|
| 041 |
1 |
|
|a slo
|h eng
|
| 044 |
|
|
|a xo
|c SK
|
| 072 |
|
7 |
|a 821-93
|x Literatúra pre deti a mládež (beletria)
|2 konspekt
|
| 080 |
|
|
|a 821-93
|2 2011
|
| 080 |
|
|
|a (0.025.2)
|2 2011
|
| 080 |
|
|
|a 629
|2 2011
|
| 080 |
|
|
|a 69-1
|2 2011
|
| 245 |
0 |
0 |
|a Moja prvá knižnica
|p Autá, lode, lietadlá
|
| 246 |
3 |
0 |
|a Autá, lode, lietadlá
|
| 264 |
|
1 |
|a Bratislava
|b Slovart
|c 2021
|
| 300 |
|
|
|a 8 zväzkov (každý 10 nečíslovaných strán)
|b farebné ilustrácie
|c 9 cm
|
| 336 |
|
|
|a statický obraz
|b sti
|2 rdacontent
|
| 336 |
|
|
|a text
|b txt
|2 rdacontent
|
| 337 |
|
|
|a bez média
|b n
|2 rdamedia
|
| 338 |
|
|
|a zväzok
|b nc
|2 rdacarrier
|
| 500 |
|
|
|a Knižky s kartónovými listami uložené v kartónovej krabici (16 x 22 x 9 cm) s priehľadným okienkom a plastovým uchom
|
| 500 |
|
|
|a Originál pravdepodobne v angličtine
|
| 500 |
|
|
|a Názov z krabice
|
| 505 |
0 |
0 |
|t Lietadlá --
|t Na snehu --
|t Záchranári --
|t Stavebné stroje --
|t Na farme --
|t Lode --
|t Nákladiaky --
|t Autá
|
| 521 |
8 |
|
|a Pre deti od 12 mesiacov
|
| 650 |
0 |
7 |
|a dopravné prostriedky
|2 SNKPH
|9 66633
|
| 650 |
0 |
7 |
|a Means of transportation
|2 SNKPHeng
|9 303201
|
| 650 |
0 |
7 |
|a stavebné stroje
|2 SNKPH
|9 67895
|
| 650 |
0 |
7 |
|a Building machines
|2 SNKPHeng
|9 303933
|
| 655 |
|
7 |
|a leporelá
|2 SNKPH
|9 60414
|
| 655 |
|
7 |
|a publikácie pre deti
|2 SNKPH
|9 70148
|
| 655 |
|
7 |
|a Folding picture-books
|2 SNKPHeng
|9 302521
|
| 655 |
|
7 |
|a Publications for children
|2 SNKPHeng
|9 276792
|
| 919 |
|
|
|a 978-80-556-4820-0
|
| 958 |
|
|
|a DB
|
| 968 |
|
|
|b ENG
|
| 999 |
|
|
|c 1129519
|d 1131449
|
| 952 |
|
|
|a SNK
|b SNK
|y PREZ
|7 0
|p 17A1469252
|o snkOSD 10609
|i snk2021/18495
|8 0
|0 0
|1 0
|4 0
|d 2021-11-16
|l 0
|r 2026-02-24 18:57:51
|w 2026-02-24
|
| 952 |
|
|
|a SNK
|b SNK
|y VYP
|7 0
|p 17A1469253
|o snkOSD 10609 D1
|i snk2021/18496
|8 0
|0 0
|1 0
|4 0
|d 2021-11-16
|l 0
|r 2026-02-24 18:57:51
|w 2026-02-24
|